[Event "TechM GCL 2024"]
[Site "London ENG"]
[Date "2024.10.08"]
[Round "7.2"]
[White "Firouzja,Alireza"]
[Black "Nakamura,Hi"]
[Result "0-1"]
[WhiteElo "2767"]
[BlackElo "2802"]

1.c4 e6 2.g3 d5 3.Bg2 Nf6 4.Nf3 Be7 5.O-O O-O 6.d3 b6 7.cxd5 Nxd5 8.d4 Bb7
9.e4 Nf6 10.e5 Nd5 11.h4 Nd7 12.Nc3 Nxc3 13.bxc3 c5 14.Ng5 Bxg2 15.Kxg2 cxd4
16.cxd4 Nb8 17.Qf3 Qd5 18.Qxd5 exd5 19.Nh3 Nc6 20.Be3 f6 21.Rac1 Rac8 22.Nf4 fxe5
23.Nxd5 Ba3 24.Rc3 exd4 25.Bxd4 Nxd4 26.Rxa3 Rf7 27.Rd1 Nf5 28.h5 g6 29.hxg6 hxg6
30.g4 Ne7 31.Rxa7 Nxd5 32.Rxf7 Kxf7 33.Rxd5 Rc2 34.Rd7+ Kf6 35.Ra7 Rb2 36.Kg3 g5
37.Kf3 b5 38.Ra6+ Kf7 39.Ra5 Kg6 40.Ke3 b4 41.Ra6+ Kf7 42.Rb6 Rxa2 43.Rxb4 Kf6
44.Rb6+ Ke5 45.Rb5+ Kf6 46.Rf5+ Kg6 47.Rd5 Kf6 48.f3 Ra6 49.Kd4 Ra4+ 50.Ke3 Ra6
51.Rf5+ Kg6 52.Re5 Ra3+ 53.Kf2 Kf6 54.Rf5+ Kg6 55.Rb5 Kf6 56.Rb6+ Kf7 57.Rd6 Rb3
58.Ke2 Ra3 59.Rd3 Ra5 60.Ke3 Ke6 61.Rb3 Ra4 62.Rb6+ Kf7 63.Rd6 Rb4 64.Rd4 Rb6
65.Ke4 Kf6 66.Rc4 Ra6 67.Kd5 Ra5+ 68.Rc5 Rxc5+  0-1

[Event "TechM GCL 2024"]
[Site "London ENG"]
[Date "2024.10.09"]
[Round "8.3"]
[White "Nakamura,Hi"]
[Black "Carlsen,M"]
[Result "1/2-1/2"]
[WhiteElo "2802"]
[BlackElo "2831"]

1.b3 e5 2.Bb2 Nc6 3.e3 g6 4.d4 exd4 5.Nf3 Bb4+ 6.Nbd2 Nf6 7.Nxd4 Ne4 8.Nf3 O-O
9.Qc1 d5 10.c3 Be7 11.c4 Nxd2 12.Qxd2 dxc4 13.Bxc4 Bb4 14.Bc3 Qxd2+ 15.Bxd2 Bg4
16.a3 Bxd2+ 17.Kxd2 Na5 18.Ne5 Nxc4+ 19.bxc4 Bf5 20.Kc3 f6 21.Nf3 c5 22.Rhd1 Rfd8
23.Ne1 b6 24.f3 Kf7 25.e4 Be6 26.Nc2 f5 27.exf5 gxf5 28.f4 Rxd1 29.Rxd1 Re8
30.Rd3 h5 31.g3 Rh8 32.Ne1 Ke7 33.Nf3 Rd8 34.Re3 Kf6 35.Rd3 Rxd3+ 36.Kxd3 Ke7
37.Kc3 a6 38.a4 Kd6 39.Nh4 Bd7 40.Kb3 Ke6 41.Ng2 Kd6 42.Ne3 Be6 43.Kc3 Kc6
44.h3 Kd6 45.Kb2 Kc6 46.Kc3 Kd6 47.Kb2 Kc6 48.Kc3  1/2-1/2

[Event "TechM GCL 2024"]
[Site "London ENG"]
[Date "2024.10.10"]
[Round "9.1"]
[White "Vachier Lagrave,M"]
[Black "Nakamura,Hi"]
[Result "0-1"]
[WhiteElo "2735"]
[BlackElo "2802"]

1.e4 c5 2.Nf3 g6 3.d4 cxd4 4.Nxd4 Bg7 5.c4 Nc6 6.Be3 Qb6 7.Nb3 Qd8 8.Qd2 d6
9.Nc3 Nf6 10.f3 Be6 11.Nd5 Nd7 12.Be2 a5 13.Rb1 a4 14.Na1 Qa5 15.Nc2 Rc8
16.b4 axb3 17.axb3 Qxd2+ 18.Kxd2 f5 19.exf5 Bxf5 20.Bd3 Bxd3 21.Kxd3 e6 22.Nc3 Nc5+
23.Bxc5 dxc5 24.Ne4 Ke7 25.Rhd1 Ra8 26.Nxc5 Ra2 27.Ne3 Bd4 28.b4 Rd8 29.Ke4 Re2
30.Nxb7 Rxe3+ 31.Kf4 Rf8+ 32.Kg3 Re2 33.Na5 Be5+ 34.Kh3 Nxa5 35.bxa5 Rf5
36.Rb7+ Kf6 37.Rxh7 Rxf3+ 38.gxf3 Rxh2+ 39.Kg4 Rxh7 40.f4 Bc3 41.a6 Ra7 42.Rd6 Rc7
43.Rd3 Bb4 44.Rb3 Bc5 45.Rb5 Ba7 46.Rb4 Rc6 47.Ra4 Rd6 48.Kf3 Rd3+ 49.Kg4 Bf2
50.Ra2 Ba7 51.Ra4 Rc3  0-1

[Event "TechM GCL 2024"]
[Site "London ENG"]
[Date "2024.10.11"]
[Round "10.2"]
[White "Nakamura,Hi"]
[Black "Giri,A"]
[Result "1/2-1/2"]
[WhiteElo "2802"]
[BlackElo "2728"]

1.b3 Nf6 2.Bb2 c5 3.e3 Nc6 4.Nf3 g6 5.g3 Bg7 6.Bg2 O-O 7.O-O d5 8.Ne5 Nxe5
9.Bxe5 Bg4 10.Qc1 Qd7 11.d3 Bh3 12.Nd2 Bxg2 13.Kxg2 Nh5 14.Bxg7 Nxg7 15.Nf3 Rac8
16.c4 b5 17.Rd1 Rfd8 18.a4 bxc4 19.dxc4 Qb7 20.cxd5 Rxd5 21.Qc4 Rxd1 22.Rxd1 Ne6
23.h4 h5 24.Rd3 Rb8 25.e4 Qc7 26.Rc3 Qd6 27.Qd5 Kg7 28.Qxd6 exd6 29.Rd3 Rb6
30.Nd2 Nd4 31.Nc4 Rxb3 32.Rxb3 Nxb3 33.Nxd6 Kf6 34.Nc4 Nd4 35.f3 Ke6 36.Kf2 f6
37.Ke3 Nc2+ 38.Kd3 Nb4+ 39.Kc3 f5 40.exf5+ gxf5 41.Nd2 Kd5 42.Nf1 Kc6 43.g4 fxg4
44.fxg4 hxg4 45.h5 Nd5+ 46.Kc4 Nf6 47.h6 a6 48.a5 Nh7 49.Ng3 Kd6 50.Nf1 Kc6
51.Ng3 Kd6 52.Nf1  1/2-1/2

[Event "Titled Tue 15th Oct Early"]
[Site "chess.com INT"]
[Date "2024.10.15"]
[Round "1"]
[White "Nakamura,Hi"]
[Black "Hoang Thi Bao Tram"]
[Result "1-0"]
[WhiteElo "2802"]
[BlackElo "2193"]

1.b3 e5 2.Bb2 Nc6 3.e3 d6 4.Nf3 Be7 5.d4 exd4 6.Nxd4 Bf6 7.Nd2 Bd7 8.Ne4 Be5
9.Bd3 Nf6 10.Nd2 O-O 11.N2f3 Nxd4 12.Bxd4 Bxd4 13.Nxd4 Re8 14.O-O c5 15.Ne2 Bg4
16.c4 Bh5 17.Qc2 Bg6 18.Bxg6 hxg6 19.Rad1 Qe7 20.Nf4 Rad8 21.Rd3 Qe5 22.Rfd1 g5
23.Nd5 Ng4 24.g3 Re6 25.h3 Nh6 26.Nc7 Rf6 27.Rd5 Qe7 28.Nb5 a6 29.Nc3 Re6
30.Qd3 f5 31.Ne2 Nf7 32.Kg2 Ne5 33.Qc2 Rf8 34.Qd2 Rff6 35.b4 b6 36.bxc5 bxc5
37.Qc2 Qf7 38.Rb1 Qh5 39.Rb8+ Kh7 40.Ng1 Qf7 41.Nf3 Nxf3 42.Kxf3 Re4 43.Kg2 Qh5
44.Rb1 Qe8 45.Rbd1 Kg8 46.Rxd6 Rxd6 47.Rxd6 f4 48.Qd3 fxe3 49.Rd8 e2 50.Qxe4 Qxd8
51.Qxe2 Qd4 52.Qe6+ Kh7 53.Kf3 a5 54.Qe4+  1-0

[Event "Titled Tue 15th Oct Late"]
[Site "chess.com INT"]
[Date "2024.10.15"]
[Round "1"]
[White "Hernando Rodrigo,Ju"]
[Black "Nakamura,Hi"]
[Result "0-1"]
[WhiteElo "2239"]
[BlackElo "2802"]

1.d4 g6 2.e4 Bg7 3.Nc3 c6 4.Nf3 d5 5.e5 Bg4 6.h3 Bxf3 7.Qxf3 f6 8.exf6 Nxf6
9.Bg5 O-O 10.Qe3 Nbd7 11.O-O-O Qc7 12.Qe6+ Rf7 13.f3 Nh5 14.Be2 Nf4 15.Bxf4 Qxf4+
16.Kb1 Nf8 17.Qg4 e5 18.Qxf4 Rxf4 19.dxe5 Bxe5 20.Rhe1 Rf7 21.Bf1 Bxc3 22.bxc3 b5
23.a4 a6 24.axb5 axb5 25.Kb2 Rfa7 26.Ra1 Kf7 27.f4 Ne6 28.Rxa7+ Rxa7 29.g3 Nc5
30.Bd3 Re7 31.Rf1 Re3 32.Rd1 Rxg3 33.f5 Nxd3+ 34.cxd3 gxf5 35.d4 Rxh3 36.Kb3 Rh6
37.Kb4 Rf6 38.Rh1 f4 39.Rxh7+ Kg6 40.Rh2 f3 41.Rf2 Kg5  0-1

[Event "Titled Tue 15th Oct Early"]
[Site "chess.com INT"]
[Date "2024.10.15"]
[Round "2"]
[White "Fomkin,Dmitry"]
[Black "Nakamura,Hi"]
[Result "0-1"]
[WhiteElo "2156"]
[BlackElo "2802"]

1.e4 g6 2.d4 Bg7 3.Nc3 c6 4.Nf3 d5 5.e5 Bg4 6.h3 Bxf3 7.Qxf3 e6 8.Ne2 c5
9.c3 Nc6 10.Qd3 Qb6 11.a3 cxd4 12.cxd4 f6 13.f4 Nge7 14.g4 O-O 15.Bg2 fxe5
16.fxe5 Nxe5 17.Qg3 N5c6 18.Be3 Nxd4 19.Nxd4 Bxd4 20.Bxd4 Qxd4 21.Rd1 Qxb2
22.Rd2 Qb1+ 23.Ke2 Qb5+ 24.Ke1 Rac8 25.Rd1 Rc2  0-1

[Event "Titled Tue 15th Oct Late"]
[Site "chess.com INT"]
[Date "2024.10.15"]
[Round "2"]
[White "Nakamura,Hi"]
[Black "Kiewra,K"]
[Result "1-0"]
[WhiteElo "2802"]
[BlackElo "2279"]

1.b3 d5 2.Bb2 Bf5 3.d3 Nf6 4.Nd2 e6 5.g3 Be7 6.Bg2 O-O 7.e4 Bg6 8.Nh3 h6
9.Nf4 Bh7 10.O-O c5 11.exd5 Nxd5 12.Nxd5 exd5 13.Qg4 Bg6 14.Qf3 Nc6 15.Qxd5 Qxd5
16.Bxd5 Nb4 17.Bxb7 Nxc2 18.Bxa8 Nxa1 19.Be4 Nc2 20.Bxg6 fxg6 21.Bc3 Nb4
22.Bxb4 cxb4 23.Rd1 Bc5 24.Ne4 Bd4 25.Rc1 Rf3 26.Kf1 g5 27.Ke2 Rf5 28.Rc4 Bb6
29.Rxb4 g4 30.d4 Rh5 31.d5 Rxd5 32.Kf1 Rd1+ 33.Kg2 Ra1 34.Ra4 Rb1 35.h3 h5
36.hxg4 hxg4 37.Rb4 Rb2 38.a4 Re2 39.Kf1 Ra2 40.Rb5 Kh7 41.Rg5 Rb2 42.a5 Bd4
43.Rxg4 Kh6 44.Kg2 Rxb3 45.Nd6 Bf6 46.Ra4 Rb2 47.Nc4 Rc2 48.Ne3 Rb2 49.Kh3 Be7
50.Nf5+  1-0

[Event "Titled Tue 15th Oct Late"]
[Site "chess.com INT"]
[Date "2024.10.15"]
[Round "3"]
[White "Maurizzi,Marc'Andria"]
[Black "Nakamura,Hi"]
[Result "0-1"]
[WhiteElo "2594"]
[BlackElo "2802"]

1.e4 c6 2.Nf3 d5 3.d3 g6 4.e5 c5 5.c3 Nc6 6.d4 Bg4 7.Nbd2 cxd4 8.cxd4 Qa5
9.Qb3 Qb4 10.Bb5 e6 11.O-O Qxb3 12.Nxb3 Bxf3 13.gxf3 Ne7 14.Bg5 a6 15.Bxc6+ Nxc6
16.Rac1 a5 17.Rfd1 a4 18.Nc5 Bxc5 19.Rxc5 Kd7 20.Rb5 Rhb8 21.Be3 Ra5 22.Rxa5 Nxa5
23.Rc1 Nc6 24.Kf1 Ra8 25.Ke2 Ra5 26.a3 Rb5 27.Rc2 Rb3 28.Kd1 b6 29.Ke2 b5
30.Kd1 Kc7 31.Kc1 Kb7 32.Rc3 Rxc3+ 33.bxc3 Na5 34.Kc2 Nc4 35.Bc1 Kc6 36.Kd3 Kd7
37.f4 f6 38.Ke2 Ke7 39.Kf3 Kf7 40.Kg4 h6 41.h4 Na5 42.h5 Nc4 43.Kh4 Kg7 44.Kg4 Kf7
45.Kh4 Nb6 46.Kg4 Nc8 47.Kh4 Ne7 48.Kg4 Nf5 49.Bd2 Ng7 50.hxg6+ Kxg6 51.f3 h5+
52.Kh4 Nf5+ 53.Kh3 Ne7 54.Bc1 Nc8 55.Kh4 Nb6 56.Bd2 Na8 57.Bc1 Nc7 58.Bd2 Ne8
59.Bc1 Ng7 60.Bd2 Nf5+ 61.Kh3 Kg7 62.Bc1 Kf7 63.Bd2 Ke8 64.Bc1 Kd7 65.Bd2 Kd8
66.Bc1 fxe5 67.fxe5 Kd7 68.Bd2 Kc6 69.Bc1 b4 70.cxb4 Kb5 71.Bb2 Kc4 72.Bc1 Kxd4
73.f4 Kc4 74.Kg2 d4 75.Kf3 d3 76.Bd2 Nd4+ 77.Ke4 Nb3 78.Be3 d2 79.Bxd2 Nxd2+
80.Ke3 h4 81.f5 h3 82.fxe6 h2 83.e7 Nf1+ 84.Kf2 h1=Q 85.e8=Q Nd2 86.Qf7+ Kc3
87.e6 Qh2+ 88.Ke3 Qe5+ 89.Kf2 Ne4+ 90.Kf1 Ng5 91.Qg6 Nxe6 92.Qe8 Qf4+ 93.Kg1 Qe3+  0-1

[Event "Titled Tue 15th Oct Early"]
[Site "chess.com INT"]
[Date "2024.10.15"]
[Round "3"]
[White "Nakamura,Hi"]
[Black "Lortkipanidze,N"]
[Result "0-1"]
[WhiteElo "2802"]
[BlackElo "2359"]

1.b3 b6 2.e4 Bb7 3.Qe2 c5 4.Nf3 e6 5.Bb2 Nc6 6.g3 Nf6 7.Bg2 d5 8.e5 Nd7 9.O-O Qc7
10.c4 d4 11.Re1 h6 12.Na3 a6 13.Nc2 g5 14.b4 Bg7 15.bxc5 bxc5 16.Rab1 Rb8
17.h4 g4 18.Nh2 Ncxe5 19.d3 Bxg2 20.Kxg2 h5 21.Na1 O-O 22.Nb3 a5 23.Ba3 a4
24.Nd2 Rxb1 25.Rxb1 Rb8 26.Rd1 Qc6+ 27.Kg1 f5 28.Re1 Bh6 29.Ndf1 Kf7 30.Bc1 Bxc1
31.Rxc1 a3 32.Qd2 Rb2 33.Rc2 Rxc2 34.Qxc2 Qb7 35.Nd2 Qb2 36.Qxb2 axb2 37.Kf1 Nxd3
38.Ke2 Nc1+ 39.Kd1 Nxa2 40.Kc2 Nc3 41.f3 b1=Q+ 42.Nxb1 Nxb1 43.Kxb1 Ne5 44.f4 Nxc4
45.Kc2 Ne3+ 46.Kd3 Kf6 47.Ke2 e5 48.Kd3 e4+ 49.Kd2 Ke6 50.Ke2 Kd5 51.Kd2 c4  0-1

[Event "Titled Tue 15th Oct Late"]
[Site "chess.com INT"]
[Date "2024.10.15"]
[Round "4"]
[White "Nakamura,Hi"]
[Black "Zhigalko,S"]
[Result "1-0"]
[WhiteElo "2802"]
[BlackElo "2572"]

1.b3 e5 2.Bb2 d6 3.e3 Nf6 4.Ne2 c6 5.f4 Nbd7 6.g3 g6 7.Bg2 Bg7 8.O-O O-O
9.h3 Re8 10.Nbc3 d5 11.Qe1 d4 12.Nd1 dxe3 13.Nxe3 exf4 14.Nxf4 Nc5 15.d4 Nce4
16.Rd1 Nd6 17.d5 c5 18.c4 Bd7 19.Rd2 b5 20.Re2 a5 21.Qa1 a4 22.Ne6 fxe6 23.dxe6 Rxe6
24.Bxa8 Qxa8 25.Bxf6 Bh6 26.Ng4 Rxe2 27.Nxh6+ Kf8 28.Bg5+ Bf5 29.Qh8+  1-0

[Event "Titled Tue 15th Oct Early"]
[Site "chess.com INT"]
[Date "2024.10.15"]
[Round "4"]
[White "Van Osch,Mees"]
[Black "Nakamura,Hi"]
[Result "0-1"]
[WhiteElo "2362"]
[BlackElo "2802"]

1.e4 c6 2.Nc3 d5 3.Nf3 Bg4 4.h3 Bxf3 5.Qxf3 e6 6.d3 g6 7.g3 Bg7 8.Bg2 Ne7
9.O-O O-O 10.Bg5 h6 11.Bf4 Nd7 12.Rad1 e5 13.Bc1 d4 14.Nb1 c5 15.Qe2 Qc7
16.f4 f5 17.a4 Rae8 18.fxe5 Nxe5 19.Na3 g5 20.Qh5 Qd7 21.b3 Rd8 22.Kh2 Qd6
23.Nc4 Nxc4 24.bxc4 Be5 25.exf5 Nxf5 26.Bd5+ Kg7 27.Bxg5 hxg5 28.Qxg5+ Qg6
29.Rxf5 Rxf5 30.Qxd8 Qxg3+ 31.Kh1 Qh2+  0-1

[Event "Titled Tue 15th Oct Early"]
[Site "chess.com INT"]
[Date "2024.10.15"]
[Round "5"]
[White "Nakamura,Hi"]
[Black "Southcott-Moyers,Indy"]
[Result "1-0"]
[WhiteElo "2802"]
[BlackElo "2143"]

1.b3 d5 2.Bb2 c5 3.e3 Nf6 4.Bxf6 exf6 5.c3 Nc6 6.d4 cxd4 7.cxd4 Bb4+ 8.Nd2 O-O
9.Bd3 f5 10.Ne2 Bd6 11.O-O Qf6 12.g3 Be6 13.a3 h5 14.Nf3 g6 15.b4 Kg7 16.h4 a6
17.Ng5 Rfc8 18.Qd2 Nd8 19.Rfc1 Bd7 20.Nc3 Bc6 21.Bf1 Ne6 22.Nh3 Qd8 23.Bg2 Be7
24.Ne2 Bb5 25.Nc3 Bc4 26.Na4 b6 27.Nb2 b5 28.Nd3 Bxd3 29.Qxd3 Rc4 30.Rxc4 bxc4
31.Qc2 Rb8 32.Qa4 Qd6 33.Rc1 Bd8 34.Kh1 Be7 35.Ng1 Bd8 36.Nf3 Bf6 37.Ng1 Nc7
38.Ne2 Bd8 39.Nf4 Be7 40.Qd1 Qd8 41.Qf3 Bd6 42.Nxd5 Nxd5 43.Qxd5 Rc8 44.Rxc4 Rxc4
45.Qxc4 g5 46.hxg5 Qxg5 47.Qxa6 Qf6 48.Qc6 h4 49.gxh4 Qxh4+ 50.Kg1 Bh2+ 51.Kf1 Qh5
52.Qf3 Qg5 53.Bh3 Bc7 54.Qg2  1-0

[Event "Titled Tue 15th Oct Late"]
[Site "chess.com INT"]
[Date "2024.10.15"]
[Round "5"]
[White "Oparin,G"]
[Black "Nakamura,Hi"]
[Result "0-1"]
[WhiteElo "2662"]
[BlackElo "2802"]

1.Nf3 d5 2.g3 b6 3.Bg2 Bb7 4.c4 dxc4 5.Qa4+ Nd7 6.Qxc4 e6 7.O-O a6 8.b3 b5
9.Qc2 c5 10.Bb2 Ngf6 11.a4 Rb8 12.Nc3 Be7 13.axb5 axb5 14.Rfd1 O-O 15.d4 Qb6
16.Qd3 Rfd8 17.Qe3 h6 18.Rac1 Rbc8 19.h3 c4 20.bxc4 Rxc4 21.Rb1 b4 22.Na4 Qb5
23.Nd2 Bxg2 24.Kxg2 Rc2 25.Qb3 Rc7 26.e4 Ra8 27.Nc5 Bxc5 28.dxc5 Nxc5 29.Qe3 Ncd7
30.Nf3 Qb7 31.Bxf6 Nxf6 32.Rd4 Rb8 33.Qf4 Rcc8 34.Rb3 Rd8 35.Rc4 Qb5 36.Qc1 Qa4
37.Qb2 Qa8 38.Rbxb4 Rbc8 39.Rxc8 Rxc8 40.Qd4 Rd8 41.Qe3 Rd1 42.Rd4 Rxd4 43.Qxd4 Nxe4
44.h4 Nf6 45.Qd3 Ng4 46.Kg1 Qa1+ 47.Kg2 Qh1+ 48.Kxh1 Nxf2+ 49.Kg2 Nxd3 50.Nd4 Kf8
51.Nc6 Ke8 52.Nd4 Ne5 53.Nb5 Ke7 54.Nc3 f5 55.Nd1 Nc4 56.Nc3 e5 57.Nd5+ Ke6
58.Nc7+ Kd7 59.Nb5 Nd6 60.Nc3 Ke6 61.Kf3 h5 62.Ne2 Nb5 63.Ng1 Nd4+ 64.Ke3 Nb5
65.Nh3 Nd6 66.Ng5+ Kd5 67.Nf3 Ne4  0-1

[Event "Titled Tue 15th Oct Late"]
[Site "chess.com INT"]
[Date "2024.10.15"]
[Round "6"]
[White "Nakamura,Hi"]
[Black "Bortnyk,Olexandr"]
[Result "1/2-1/2"]
[WhiteElo "2802"]
[BlackElo "2603"]

1.b3 d5 2.Bb2 Bf5 3.d3 e6 4.Nd2 Nf6 5.g3 h6 6.Bg2 Be7 7.e4 Bh7 8.Nh3 O-O
9.O-O c6 10.c4 Na6 11.Nf4 dxe4 12.dxe4 Nc5 13.e5 Nfd7 14.Qe2 a5 15.Rfd1 Qc7
16.Ne4 a4 17.Nxc5 Nxc5 18.b4 a3 19.Bd4 Na4 20.c5 Rfd8 21.Bh3 Bg5 22.Ng2 Rd7
23.f4 Be7 24.Qe1 Rad8 25.Bf2 Nb2 26.Rd6 Nd3 27.Qc3 Nxf2 28.Kxf2 Bxd6 29.exd6 Qb8
30.Ne3 b6 31.Qxa3 bxc5 32.bxc5 Rb7 33.Nc4 Be4 34.Bf1 Bd5 35.Nb6 Rxb6 36.cxb6 Qxb6+
37.Ke1 e5 38.fxe5 Qd4 39.Rc1 Qxe5+ 40.Kf2 Rxd6 41.Qd3 Be4 42.Qe3 Qb2+ 43.Be2 Rd2
44.Re1 Bd3 45.a4 Qa2 46.a5 g6 47.a6 Bxe2 48.Rxe2 Rxe2+ 49.Qxe2 Qa5 50.Qc4 c5
51.Ke3 h5 52.Ke4 Kg7 53.Kd5 Qb6 54.Qa4 Qa7 55.Kc4 Kh7 56.Qb5 Qe7 57.Qb7 Qe6+
58.Kb5 c4 59.a7 c3 60.a8=Q c2 61.Qbc8 Qb3+ 62.Ka5 Qa3+ 63.Kb6 Qxa8 64.Qxa8 c1=Q
65.Qg2 Qc4 66.Qf3 Kg7 67.Qf2 Qe6+ 68.Kc7 Qf6 69.Qe2 Qe6 70.Qf2 Qf5 71.Qb2+ Qf6
72.Qe2 Qd4 73.Kc6 Kf6 74.Qf3+ Ke6 75.Qb3+ Ke7 76.Qa3+ Kf6 77.Qf3+ Kg7 78.Qe2 h4
79.gxh4 Qxh4 80.Kb6 Qf6+ 81.Kc5 Qe6 82.Qb2+ Qf6 83.Qg2 Qe5+ 84.Kc4 Kf6 85.Kd3 Ke6
86.Kc2 Qc5+ 87.Kb1 Qd5 88.Qe2+ Kf6 89.Qb2+ Qe5 90.Qg2 Kf5 91.Qh3+ Kf6 92.Qh8+ Ke6
93.Qe8+ Kf6 94.Qh8+ Kf5 95.Qh3+ Ke4 96.Qg2+ Kd4 97.Qb2+ Ke4 98.Qg2+ Kf5 99.Qh3+  1/2-1/2

[Event "Titled Tue 15th Oct Early"]
[Site "chess.com INT"]
[Date "2024.10.15"]
[Round "6"]
[White "Perez Gormaz,M"]
[Black "Nakamura,Hi"]
[Result "0-1"]
[WhiteElo "2393"]
[BlackElo "2802"]

1.e4 c6 2.d4 d5 3.e5 Bf5 4.h4 h5 5.Bd3 Bxd3 6.Qxd3 Qa5+ 7.Bd2 Qa6 8.Qxa6 Nxa6
9.b4 e6 10.c3 Nc7 11.a4 a5 12.Nf3 Ne7 13.O-O Nc8 14.bxa5 Rxa5 15.c4 Ra7 16.c5 b6
17.cxb6 Nxb6 18.a5 Nc4 19.Nc3 Bb4 20.Rfb1 Bxc3 21.Bxc3 Nb5 22.Bb4 Kd7 23.Ra2 Rha8
24.Rba1 Nc7 25.Kf1 Na6 26.Be1 Rb7 27.Nd2 Nb2 28.Ke2 Rab8 29.Rb1 Rb5 30.g3 Na4
31.Rxb5 cxb5 32.Rc2 Nb4 33.Rc1 Na2 34.Rc2 b4 35.Nb3 N2c3+ 36.Kd3 Kc6 37.Bd2 Kb5
38.f3 Rh8 39.Ra2 Nxa2  0-1

[Event "Titled Tue 15th Oct Early"]
[Site "chess.com INT"]
[Date "2024.10.15"]
[Round "7"]
[White "Nakamura,Hi"]
[Black "Sychev,K"]
[Result "1-0"]
[WhiteElo "2802"]
[BlackElo "2532"]

1.b3 d5 2.Bb2 Nf6 3.d3 c5 4.Nd2 Nc6 5.e4 Bg4 6.Be2 Bxe2 7.Qxe2 e6 8.f4 Nd4
9.Qd1 Qc7 10.c3 Nc6 11.Qf3 Be7 12.Ne2 O-O-O 13.O-O-O Kb8 14.Kb1 Ka8 15.c4 Qa5
16.a3 dxc4 17.Nxc4 Qb5 18.Ka2 Rd7 19.Ne5 Na5 20.Nc1 Rc8 21.Nxd7 Nxd7 22.Qh5 Bf6
23.d4 g6 24.Qe2 c4 25.b4 Nc6 26.Bc3 Nb6 27.Qc2 Na4 28.Ne2 Qa6 29.Kb1 Nxc3+
30.Qxc3 Rd8 31.Rd2 b5 32.Rhd1 Qa4 33.e5 Be7 34.d5 exd5 35.Rxd5 Qxd1+ 36.Rxd1 Rxd1+
37.Nc1 a5 38.Qf3 Rxc1+ 39.Kxc1 Kb7 40.bxa5 Kc7 41.a6 Kb6 42.Qd5 Bxa3+ 43.Kb1 c3
44.Qxf7 Nd4 45.Qb7+ Ka5 46.Qc7+ Kb4 47.a7 c2+ 48.Qxc2 Nxc2 49.Kxc2 Kc4 50.a8=Q  1-0

[Event "Titled Tue 15th Oct Late"]
[Site "chess.com INT"]
[Date "2024.10.15"]
[Round "7"]
[White "Andreikin,D"]
[Black "Nakamura,Hi"]
[Result "0-1"]
[WhiteElo "2729"]
[BlackElo "2802"]

1.d4 d5 2.c4 e6 3.Nc3 Be7 4.cxd5 exd5 5.Bf4 c6 6.e3 Bf5 7.Nge2 Nd7 8.Ng3 Bg6
9.Be2 Nb6 10.Nh5 Bxh5 11.Bxh5 Bd6 12.Bg3 Bxg3 13.hxg3 Nf6 14.Be2 Qe7 15.Bd3 h5
16.Qb3 g6 17.a4 Nc8 18.a5 Nd6 19.Qb4 Rd8 20.Ne2 Kf8 21.Rc1 a6 22.Ng1 Kg7
23.Nf3 Ng4 24.Rc2 Nxf2 25.Rxf2 Qxe3+ 26.Be2 Qc1+ 27.Bd1 Rhe8+ 28.Ne5 Qe3+
29.Be2 Qc1+ 30.Bd1 c5 31.Qd2 Qxd2+ 32.Kxd2 Ne4+ 33.Ke1 f6 34.Nxg6 Nxg3+ 35.Re2 Kxg6  0-1

[Event "Titled Tue 15th Oct Late"]
[Site "chess.com INT"]
[Date "2024.10.15"]
[Round "8"]
[White "Nakamura,Hi"]
[Black "Naroditsky,D"]
[Result "1-0"]
[WhiteElo "2802"]
[BlackElo "2619"]

1.b3 d5 2.Bb2 Bf5 3.d3 Nf6 4.Nd2 e6 5.g3 h6 6.Bg2 Be7 7.e4 Bh7 8.Nh3 a5 9.a3 O-O
10.O-O Nc6 11.e5 Nd7 12.Qe2 Nb6 13.Nf4 Bg5 14.Nh3 Be7 15.Rfd1 d4 16.Nf3 Qd7
17.Nf4 Rad8 18.Qd2 Kh8 19.Re1 f6 20.exf6 Rxf6 21.Bh3 Bd6 22.Rxe6 Bxf4 23.Rxf6 gxf6
24.Bxd7 Bxd2 25.Bxc6 Bc3 26.Bxc3 dxc3 27.Bxb7 c5 28.a4 Rd7 29.Ba6 Nd5 30.Ne1 Nb4
31.Bc4 Re7 32.Kf1 Bf5 33.f3 h5 34.Kf2 Kg7 35.Rc1 Na2 36.Rd1 Nb4 37.Bb5 Nd5
38.Ng2 Nb4 39.Ne3 Bg6 40.Bc4 Rd7 41.f4 Re7 42.Re1 Kf8 43.Re2 Be8 44.Nd1 Rxe2+
45.Kxe2 Nxc2 46.Nxc3 Nd4+ 47.Ke3 Bc6 48.Ne4 Bxe4 49.dxe4 Ke7 50.h3 Kf8 51.g4 hxg4
52.hxg4 Ke7 53.e5 fxe5 54.fxe5 Nc6 55.Ke4 Nb4 56.g5 Nc6 57.Kd5 Kd7 58.Bb5  1-0

[Event "Titled Tue 15th Oct Early"]
[Site "chess.com INT"]
[Date "2024.10.15"]
[Round "8"]
[White "Tang,Andrew"]
[Black "Nakamura,Hi"]
[Result "0-1"]
[WhiteElo "2527"]
[BlackElo "2802"]

1.d4 c5 2.d5 e5 3.c4 d6 4.Nc3 h5 5.g3 h4 6.Bg2 Be7 7.Nh3 Nd7 8.g4 Nf8 9.g5 Ng6
10.Rg1 Bf5 11.Qa4+ Bd7 12.Qb3 Rb8 13.a4 a6 14.Bd2 b6 15.Qc2 Qc8 16.Qd3 Bd8
17.Ne4 Bc7 18.f4 N8e7 19.Rf1 b5 20.axb5 axb5 21.b3 bxc4 22.bxc4 Bf5 23.Bc3 O-O
24.fxe5 dxe5 25.Kf2 Rb3 26.Kg1 Rd8 27.Qc2 Bxh3 28.Qxb3 Bxg2 29.Kxg2 Qg4+
30.Ng3 Nf4+ 31.Kh1 hxg3  0-1

[Event "Titled Tue 15th Oct Early"]
[Site "chess.com INT"]
[Date "2024.10.15"]
[Round "9"]
[White "Nakamura,Hi"]
[Black "Svane,R"]
[Result "1-0"]
[WhiteElo "2802"]
[BlackElo "2629"]

1.b3 d5 2.Bb2 Nf6 3.d3 c5 4.Nd2 Nc6 5.e4 e5 6.Ngf3 Bd6 7.g3 O-O 8.Bg2 Be6
9.O-O Re8 10.Re1 Bc7 11.h3 d4 12.a4 a6 13.Ba3 Nd7 14.h4 f6 15.h5 Qe7 16.Nh4 Qf7
17.Nf5 Ne7 18.Nc4 Nxf5 19.exf5 Bd5 20.a5 Bxg2 21.Kxg2 Qd5+ 22.Qf3 Qxf3+ 23.Kxf3 Rac8
24.Ke4 Kf7 25.b4 cxb4 26.Bxb4 Nb8 27.Reb1 Nc6 28.Bd6 Nxa5 29.Nxa5 Bxd6 30.Nc4 Rxc4
31.dxc4 Rb8 32.c5 Bxc5 33.Rxa6 Ke7 34.Rc6 b6 35.Rxc5  1-0

[Event "Titled Tue 15th Oct Late"]
[Site "chess.com INT"]
[Date "2024.10.15"]
[Round "9"]
[White "Nihal,Sarin"]
[Black "Nakamura,Hi"]
[Result "1/2-1/2"]
[WhiteElo "2668"]
[BlackElo "2802"]

1.d4 d5 2.c4 e6 3.Nf3 a6 4.Nbd2 Nf6 5.g3 c5 6.Bg2 cxd4 7.cxd5 Qxd5 8.O-O d3
9.e4 Qd8 10.e5 Nd5 11.Ne4 Bd7 12.Bg5 Qb6 13.Qxd3 h6 14.Be3 Bb5 15.Qb3 Nxe3
16.fxe3 Nd7 17.Rfd1 Nc5 18.Nxc5 Bxc5 19.Nd4 O-O 20.a4 Bd7 21.Qxb6 Bxb6 22.Bxb7 Ra7
23.Be4 Rb8 24.a5 Bc7 25.Bc6 Bc8 26.Bf3 Bd7 27.Bc6 Bc8 28.Bf3 Bd7 29.Bc6  1/2-1/2

[Event "Titled Tue 15th Oct Late"]
[Site "chess.com INT"]
[Date "2024.10.15"]
[Round "10"]
[White "Nakamura,Hi"]
[Black "Duda,J"]
[Result "1-0"]
[WhiteElo "2802"]
[BlackElo "2740"]

1.b3 b6 2.e4 Bb7 3.Qe2 c5 4.Bb2 Nf6 5.d3 Nc6 6.Nf3 g6 7.g3 Bg7 8.Bg2 O-O
9.O-O e6 10.Nbd2 d5 11.Ne5 Nd4 12.Qd1 Nxe4 13.Nxf7 Rxf7 14.dxe4 dxe4 15.Nxe4 Nf3+
16.Bxf3 Bxb2 17.Rb1 Qxd1 18.Bxd1 Bd4 19.Nd6 Rxf2 20.Rxf2 Rf8 21.Nxb7 Rxf2
22.Kh1 Rf1+ 23.Kg2 Rg1+ 24.Kf3 e5 25.c3 Bxc3 26.Bc2 Rxb1 27.Bxb1 Kg7 28.Nd6 a6
29.a4 Bd4 30.Bd3 b5 31.axb5 axb5 32.Bxb5 Bg1 33.h3 Bd4 34.Ne4 Kf7 35.Bc4+ Kg7
36.Ke2 Kh6 37.Kd3 Kg7 38.Bd5 h5 39.Kc4 Kh6 40.Nxc5 g5 41.g4 hxg4 42.hxg4 Kg6
43.Ne4 Be3 44.Be6 Kg7 45.b4 Kf8 46.b5 Ke7 47.Kd5 Bf4 48.Bf5 Kd8 49.b6 Be3
50.Kc6 Ke7 51.b7 Ba7 52.Nxg5  1-0

[Event "Titled Tue 15th Oct Early"]
[Site "chess.com INT"]
[Date "2024.10.15"]
[Round "10"]
[White "Pranesh,M"]
[Black "Nakamura,Hi"]
[Result "0-1"]
[WhiteElo "2580"]
[BlackElo "2802"]

1.Nf3 d5 2.b3 c5 3.Bb2 f6 4.e3 e5 5.d3 Nc6 6.Nbd2 Be6 7.g3 Nh6 8.Bg2 Nf7
9.O-O Be7 10.Qe2 Qd7 11.a3 O-O 12.Rfe1 Rad8 13.e4 d4 14.Nh4 Rfe8 15.Rf1 Bd6
16.f4 exf4 17.gxf4 Nh6 18.Kh1 f5 19.e5 Be7 20.Nhf3 Ng4 21.Rg1 Ne3 22.Bh3 Nxc2
23.Rac1 Ne3 24.Nc4 Nd5 25.Qd2 b5 26.Nd6 Bxd6 27.exd6 Qxd6 28.b4 Qxf4 29.Rxc5 Qxf3+
30.Bg2 Qf4 31.Qxf4 Nxf4 32.Bxc6 Nxd3 33.Bxe8 Nxc5 34.Bc6 Nd3 35.Ba1 Bd5+
36.Bxd5+ Rxd5 37.Kg2 Ne5 38.Kf2 Nc4 39.Kf3 g6 40.Re1 Kf7 41.h4 d3 42.h5 d2
43.Rd1 gxh5 44.Ke2 f4 45.Bc3 a6 46.Rf1 d1=Q+ 47.Rxd1 Rxd1 48.Kxd1 Ke6 49.Ke2 Kf5
50.Kf3 Ne5+ 51.Kg2 Nc4 52.Kf3 Nxa3 53.Bd4 Nc2 54.Bc5 h4 55.Kg2 Kg4  0-1

[Event "Titled Tue 15th Oct Early"]
[Site "chess.com INT"]
[Date "2024.10.15"]
[Round "11"]
[White "Sarana,A"]
[Black "Nakamura,Hi"]
[Result "1/2-1/2"]
[WhiteElo "2717"]
[BlackElo "2802"]

1.d4 d5 2.c4 e6 3.Nc3 a6 4.cxd5 exd5 5.Nf3 c6 6.Bf4 Nf6 7.e3 Be6 8.Bd3 c5
9.dxc5 Bxc5 10.O-O Nc6 11.Rc1 Qe7 12.Ne5 Nxe5 13.Bxe5 O-O 14.Ne2 Rac8 15.Bd4 Bd6
16.h3 Bb8 17.Nf4 Rxc1 18.Qxc1 Rc8 19.Qb1 h6 20.Rc1 Rd8 21.Qc2 Bd7 22.Qb3 b5
23.Qc3 Be8 24.Qa5 g5 25.Ne2 Qd6 26.Ng3 Ne4 27.Bxe4 dxe4 28.Rc5 f6 29.Qc3 Kf7
30.b4 Qe6 31.Nf5 Kg6 32.g4 Bd7 33.Qc2 Re8 34.f3 h5 35.gxh5+ Kh7 36.fxe4 Qxe4
37.Qxe4 Rxe4 38.Bxf6 g4 39.hxg4 Rxg4+ 40.Kf2 Rxb4 41.Bd4 Be6 42.Ng3 Rc4 43.Ne4 Kh6
44.a3 Rxc5 45.Nxc5 Bc8 46.Kf3 Kxh5 47.Ke4 Kg6 48.Kd5 Bh2 49.Kc6 Kf7 50.Kb6 Bd6
51.Nxa6 Bxa3 52.Kxb5 Ke6 53.Nc5+ Kd5 54.Kb6 Bh3 55.Nb7 Be7 56.Nc5 Bd8+ 57.Kb7 Be7
58.Kb6 Bc8 59.Nb7 Bb4 60.Kc7 Bh3 61.Kb6 Be1 62.Kc7 Bg3+ 63.Kb6 Bh4 64.Kc7 Bg5
65.Kb6 Kc4 66.Kc7 Bh4 67.Kb6 Bg3 68.Kc6 Bg2+ 69.Kb6 Kd5 70.Na5 Bh3 71.Nb7 Bg4
72.Na5 Bh4 73.Nb7 Bg5 74.Kc7 Be2 75.Kb6 Bh4 76.Kc7 Be1 77.Kb6 Kc4 78.Nd6+ Kd3
79.Bc5 Bg3 80.e4 Bd1 81.Kc6 Ba4+ 82.Kd5 Bb3+ 83.Kc6 Ba2 84.Kb6 Be5 85.Kc6 Be6
86.Kb6 Bg7 87.Kc6 Bb3 88.Kd7 Be5 89.Ke7 Bh2 90.Kf6 Bg3 91.e5 Bh4+ 92.Kf5 Be7
93.Ne4 Bd8 94.e6 Bxe6+ 95.Kxe6 Kxe4  1/2-1/2